The Psychology of aging theory, research, and interventions
Gardado en:
| Autor Principal: | |
|---|---|
| Formato: | Libro |
| Idioma: | inglés |
| Publicado: |
Pacific Groove,
1999.
|
| Tags: |
Engadir etiqueta
Sen Etiquetas, Sexa o primeiro en etiquetar este rexistro!
|
MARC
| LEADER | 00000nam a22000007a 4500 | ||
|---|---|---|---|
| 008 | 201217b ||||| |||| 00| 0 eng d | ||
| 020 | |a ISBN: 0- 534-35912-4 | ||
| 100 | |a BELSKY, Janet K | ||
| 245 | |a The Psychology of aging |b theory, research, and interventions |c Janet K. Belsky |g xv, 463p.; ill | ||
| 250 | |b 3rd ed | ||
| 260 | |b Pacific Groove, |c 1999. |h Pacific Groove, USA: |i 680708 |l BF724.55 .A35B41 |m Aging – Psychological aspects |m Aged – Mental health services |m Aged – Psychology | ||
| 500 | |a “It includes bibliographical references and index”. | ||
| 942 | |a lcc |c BK |e Olagoke,M.A |f 17/12/2020 | ||
| 952 | |0 0 |1 0 |2 lcc |4 0 |6 BF072455 A35 B41 |7 0 |9 699 |a HOL |b HOL |c AF |d 2020-12-17 |l 0 |o BF724.55 .A35B41 |p 2020-229923 |r 2020-12-17 00:00:00 |w 2020-12-17 |y BK | ||
| 999 | |c 392 |d 392 | ||